000 00470ngm a2200157 a 4500
005 20240703063800.0
008 991125s1986 mx 015 d daspa u
035 _aUPN01000033601
049 _aAV
050 4 _aPVI no.30
245 0 0 _aJuguemos a conocer :
_bhigiene de los alimentos [videograbación] /
_cprod. Eduardo Ortiz.
260 _aMéxico :
_bUTEC,
_c1986.
300 _a1 cassete (Beta) (15 min.)
650 4 _aHigiene escolar
_915543
905 _aAudiovisuales
999 _c33601
_d33601